Presidents of the Continental Congress - Statistics

General Stats
  • This quiz has been taken 28 times
  • The average score is 10 of 16
Answer Stats
Term President % Correct
May 24, 1775- October 29, 1777 John Hancock
91%
November 23, 1785- June 5, 1786 John Hancock
91%
December 10, 1778- September 28, 1779 John Jay
91%
September 5, 1774- October 22, 1774 Peyton Randolph
82%
May 10, 1775- May 24, 1775 Peyton Randolph
82%
January 22, 1788- November 2, 1788 Cyrus Griffin
64%
October 22, 1774- October 26, 1774 Henry Middleton
64%
February 2, 1787- November 4, 1787 Arthur St. Clair
55%
November 4, 1782- November 3, 1783 Elias Boudinot
55%
November 5, 1781- November 4, 1782 John Hanson
55%
November 3, 1783- June 3, 1784 Thomas Mifflin
55%
June 6, 1786- February 2, 1787 Nathaniel Gorham
45%
November 1, 1777- December 9, 1778 Henry Laurens
36%
November 30, 1784- November 4, 1785 Richard Henry Lee
36%
September 28, 1779- July 10, 1781 Samuel Huntington
36%
July 10, 1781- November 5, 1781 Thomas McKean
36%
No matching quizzes found
Score Distribution
Percent of People with Each Score
Percentile by Number Answered
Your Score History
You have not taken this quiz